Thought provoking quotations (Record no. 176460)

000 -LEADER
fixed length control field 00352nam a2200133Ia 4500
008 - FIXED-LENGTH DATA ELEMENTS--GENERAL INFORMATION
fixed length control field 220217s9999||||xx |||||||||||||| ||und||
020 ## - INTERNATIONAL STANDARD BOOK NUMBER
International Standard Book Number 81-7835-313-X
082 ## - DEWEY DECIMAL CLASSIFICATION NUMBER
Classification number 410 RAJ
100 ## - MAIN ENTRY--PERSONAL NAME
Personal name Rajaiah, B
9 (RLIN) 5474
245 #0 - TITLE STATEMENT
Title Thought provoking quotations
260 ## - PUBLICATION, DISTRIBUTION, ETC.
Place of publication, distribution, etc. Kalpaz publications
Name of publisher, distributor, etc. New Delhi
Date of publication, distribution, etc. 2007
300 ## - PHYSICAL DESCRIPTION
Other physical details 690
650 ## - SUBJECT ADDED ENTRY--TOPICAL TERM
Topical term or geographic name entry element GENERAL BOOKS
Holdings
Withdrawn status Lost status Damaged status Not for loan Collection code Home library Current library Shelving location Date acquired Full call number Barcode Date last seen Price effective from Koha item type
        Humanity Science Central Library Central Library Reference 02/18/2022 410 RAJ 11649 02/18/2022 02/18/2022 Books

Powered by Koha